| 000 | 01109njm a22002777a 4500 | ||
|---|---|---|---|
| 005 | 20100831101432.0 | ||
| 007 | sd ammalaaahaa | ||
| 008 | 100831t xxu||||| |||| 00| 0 eng d | ||
| 028 |
_aVE. 1016 _bColumbia |
||
| 028 |
_aCEL. 7358 _bColumbia |
||
| 028 |
_aCEL. 7359 _bColumbia |
||
| 035 | _aGR-57 | ||
| 100 |
_aPujya Pandit _917797 |
||
| 245 |
_a Garawa Mayi Sang Lage-Part 1 (Todi) / _c by Pujya Pandit (and) Omkarnath Thakur _h[sound recoding] : |
||
| 246 | _aगरवा मई संग लगे - भाग १ (तोड़ी ) | ||
| 260 |
_aDum Dum, India _bColumbia |
||
| 300 |
_a1 sound disc [Gramophone records] _banalog, 33 1/3 rpm _c10 in |
||
| 500 | _aBrief record | ||
| 505 | _a Garawa Mayi Sang Lage- (Omkarnath Thakur) गरवा मई संग लगे भाग २ | ||
| 650 |
_aClassical Music _xExcerpts _zIndia _917608 |
||
| 700 |
_aPujya Pandit _917609 |
||
| 700 |
_a Thakur, Omkarnath _917617 |
||
| 700 |
_a Thakur, Omkarnath _917610 |
||
| 942 |
_2ddc _cGR _hGR-57 |
||
| 999 |
_c43188 _d43188 |
||